Normal view MARC view

Entry Personal Name

Number of records used in: 1

001 - CONTROL NUMBER

  • control field: 1641

003 - CONTROL NUMBER IDENTIFIER

  • control field: DLC

005 - DATE AND TIME OF LATEST TRANSACTION

  • control field: 20200128153048.0

008 - FIXED-LENGTH DATA ELEMENTS

  • fixed length control field: 900716n| acannaab| |a aaa

010 ## - LIBRARY OF CONGRESS CONTROL NUMBER

  • LC control number: n 90669773

040 ## - CATALOGING SOURCE

  • Original cataloging agency: DLC
  • Transcribing agency: DLC
  • Modifying agency: DLC
  • Modifying agency: UkOxU

100 1# - HEADING--PERSONAL NAME

  • Personal name: Dulewicz, Vic

400 1# - SEE FROM TRACING--PERSONAL NAME

  • Personal name: Dulewicz, Victor

400 1# - SEE FROM TRACING--PERSONAL NAME

  • Personal name: Dulewicz, V.
  • Fuller form of name: (Victor)

670 ## - SOURCE DATA FOUND

  • Source citation: nuc90-45059: Toplis, J. Psychological testing, 1987
  • Information found: (hdg. on CaBVaU rept.: Dulewicz, Vic; usage: Vic Dulewicz)

670 ## - SOURCE DATA FOUND

  • Source citation: Psychological testing, 1997:
  • Information found: t.p. (Victor Dulewicz) half t.p. verso (British; chartered occupational psychologist; HR mgt./organis'l beh. faculty, Henley College)

670 ## - SOURCE DATA FOUND

  • Source citation: Making sense of emotional intelligence, 2002:
  • Information found: t.p. (Prof. V. Dulewicz) p. viii (Victor Dulewicz)

Powered by Koha